| 000 | 00562nam a22001817a 4500 | ||
|---|---|---|---|
| 005 | 20260511123100.0 | ||
| 008 | 260511b |||||||| |||| 00| 0 eng d | ||
| 037 | _cDSWL | ||
| 040 |
_aDSWL _cDSWL |
||
| 041 | _heng | ||
| 084 | _aQ0aYX:426g Q7 | ||
| 245 | _aRoutledge Handbook of Religion, Spirituality and Social Work | ||
| 260 |
_aLondon, _bRoutledge Publication, _c2017 |
||
| 300 | _a384p | ||
| 365 |
_aGBP _b150.00 |
||
| 942 |
_2CC _cTEXL _hQ0aYX:426g Q7 _n0 |
||
| 999 |
_c1851173 _d1851173 |
||